Оптика атмосферы и океана. Т. 20, № 9: Школа "Оптическая спектроскопия молекул и радиационные процессы в атмосфере" (Запись № 4309584)
[ простой вид ]
| 000 -МАРКЕР | |
|---|---|
| контрольное поле | 01461nam2a22003131 4500 |
| 001 - ИДЕНТИФИКАТОР ЗАПИСИ | |
| контрольное поле | RU\NLR\Per\518518 |
| 005 - ИДЕНТИФИКАТОР ВЕРСИИ | |
| контрольное поле | 20250617142534.0 |
| 035 ## - ДРУГИЕ СИСТЕМНЫЕ НОМЕРА | |
| Идентификатор записи | (NLR Aleph) 002700211 |
| 100 ## - ДАННЫЕ ОБЩЕЙ ОБРАБОТКИ | |
| Данные общей обработки | 20071123d2007 |||y0rusy50 ca |
| 101 0# - ЯЗЫК РЕСУРСА | |
| Язык текста, звукозаписи и т.д. | русский |
| 102 ## - СТРАНА ПУБЛИКАЦИИ ИЛИ ПРОИЗВОДСТВА | |
| Страна публикации | российская федерация |
| 105 ## - ПОЛЕ КОДИРОВАННЫХ ДАННЫХ: ТЕКСТОВЫЕ МАТЕРИАЛЫ, МОНОГРАФИЧЕСКИЕ | |
| Кодированные данные о монографическом текстовом документе | y ||||||||| |
| 200 1# - ЗАГЛАВИЕ И СВЕДЕНИЯ ОБ ОТВЕТСТВЕННОСТИ | |
| Основное заглавие | Школа "Оптическая спектроскопия молекул и радиационные процессы в атмосфере" |
| 210 ## - ПУБЛИКАЦИЯ, РАСПРОСТРАНЕНИЕ И ДР. | |
| Дата издания, распространения и т.д. | 2007 |
| Место издания, распространения и т.д. | Б. м. |
| 300 ## - ОБЩИЕ ПРИМЕЧАНИЯ | |
| Текст примечания | Темат. вып. |
| 461 #0 - УРОВЕНЬ НАБОРА | |
| Встроенное поле | 001RU\NLR\INFOCOMM15\1000129989 |
| -- | 2001#$aОптика атмосферы и океана$eЕжемес. науч.-теорет. журн.$fРос. акад. наук$vТ. 20, № 9 |
| Системный номер (АБИС) связанной записи | 3392001 |
| Место публикации | Томск |
| Дата публикации | 1988- |
| Первые сведения об ответственности | Рос. акад. наук |
| Имя издателя, распространителя и т.д. | МГП "Раско" |
| Сведения, относящиеся к заглавию | Ежемес. науч.-теорет. журн. |
| Заглавие | Оптика атмосферы и океана |
| Номер тома | Т. 20, № 9 |
| 606 1# - НАИМЕНОВАНИЕ ТЕМЫ КАК ПРЕДМЕТ | |
| Наименование темы | Атмосфера |
| Формальный подзаголовок | Сборники |
| Тематический подзаголовок | Радиационные явления |
| Системный номер авторитетной/нормативной записи | 1041108 |
| Идентификатор авторитетной/нормативной записи | RU\NLR\AUTH\6683001 |
| 606 1# - НАИМЕНОВАНИЕ ТЕМЫ КАК ПРЕДМЕТ | |
| Наименование темы | Атмосфера |
| Формальный подзаголовок | Сборники |
| Тематический подзаголовок | Спектроскопические исследования |
| Системный номер авторитетной/нормативной записи | 1042638 |
| Идентификатор авторитетной/нормативной записи | RU\NLR\AUTH\6683756 |
| 686 1# - ИНДЕКСЫ ДРУГИХ КЛАССИФИКАЦИЙ | |
| Индекс | Д234.1я43 |
| 686 1# - ИНДЕКСЫ ДРУГИХ КЛАССИФИКАЦИЙ | |
| Индекс | Д234.2я43 |
| 801 #2 - ИСТОЧНИК ЗАПИСИ | |
| Страна | российская федерация |
| Организация | NLR |
| Дата составления | 20071129 |
| Источник данных | rusmarc |
| 801 #0 - ИСТОЧНИК ЗАПИСИ | |
| Страна | российская федерация |
| Организация | NLR |
| Дата составления | 20070620 |
| Правила каталогизации | psbo |
| 801 #1 - ИСТОЧНИК ЗАПИСИ | |
| Страна | российская федерация |
| Организация | NLR |
| Дата составления | 20070620 |
| Источник данных | rusmarc |
| 852 ## - МЕСТОНАХОЖДЕНИЕ И ШИФР ХРАНЕНИЯ | |
| Идентификатор организации | NLR |
| Шифр хранения (Call Number) | П8/1329 |
| 942 ## - ДОПОЛНИТЕЛЬНЫЕ ЭЛЕМЕНТЫ ЗАПИСИ (АБИС) | |
| Тип экземпляра АБИС | Выпуск |
| 980 ## - КОЛЛЕКЦИЯ | |
| Название коллекции | Национальная библиография |
| 980 ## - КОЛЛЕКЦИЯ | |
| Название коллекции | Русская периодика |
Нет доступных экземпляров.